[Event "WLS-ch"]
[Site "Cardiff"]
[Date "1997.??.??"]
[Round "3"]
[White "Cummings, David"]
[Black "Smith, Jeff R"]
[Result "1-0"]
[WhiteElo "2375"]
[BlackElo "2200"]
[PlyCount "73"]
[GameId "1166640376098816"]
[EventDate "1997.??.??"]
[EventType "swiss"]
[EventRounds "6"]
[EventCountry "WLS"]
[SourceTitle "EXT 2000"]
[Source "ChessBase"]
[SourceDate "1999.11.18"]
[SourceVersion "1"]
[SourceVersionDate "1999.11.18"]
[SourceQuality "1"]

1. Nf3 Nf6 2. c4 e6 3. g3 b6 4. Bg2 Bb7 5. O-O Be7 6. d4 O-O 7. d5 exd5 8. Nh4 c6 9. cxd5 Nxd5 10. Nf5 Nc7 11. e4 d5 12. Re1 Re8 13. Bf4 Nba6 14. Qg4 Bf6 15. Nc3 Bc8 16. exd5 Rxe1+ 17. Rxe1 Bxf5 18. Qxf5 g6 19. Qd3 cxd5 20. Nxd5 Nxd5 21. Qxa6 Nxf4 22. Bxa8 Qxa8 23. gxf4 Qf3 24. Qa3 Qg4+ 25. Qg3 Qf5 26. b3 Kg7 27. a4 h5 28. h3 b5 29. axb5 Qxb5 30. Rd1 a5 31. Qd3 Qc5 32. Qc4 Qf5 33. Kg2 Bh4 34. Rd5 Qb1 35. f5 Qb2 36. Qxh4 Qxb3 37. Qd4+ 1-0

[Event "WLS-ch"]
[Site "Cardiff"]
[Date "1997.??.??"]
[Round "5"]
[White "Cummings, David"]
[Black "Spice, Alan"]
[Result "1/2-1/2"]
[WhiteElo "2375"]
[BlackElo "2185"]
[PlyCount "47"]
[GameId "1166640376205312"]
[EventDate "1997.??.??"]
[EventType "swiss"]
[EventRounds "6"]
[EventCountry "WLS"]
[SourceTitle "EXT 2000"]
[Source "ChessBase"]
[SourceDate "1999.11.18"]
[SourceVersion "1"]
[SourceVersionDate "1999.11.18"]
[SourceQuality "1"]

1. d4 e6 2. Nf3 f5 3. g3 Nf6 4. Bg2 Be7 5. c4 d6 6. Nc3 O-O 7. O-O Qe8 8. b3 a5 9. Bb2 c6 10. Re1 d5 11. e3 b5 12. Ne5 Ne4 13. f3 Nd6 14. e4 fxe4 15. fxe4 dxc4 16. bxc4 Nxc4 17. Nxc4 bxc4 18. e5 Ra7 19. Qg4 Na6 20. Qe2 Nb4 21. Qxc4 Nc2 22. Nb5 cxb5 23. Qxc2 Bb7 24. Rf1 1/2-1/2

[Event "WLS-ch"]
[Site "Cardiff"]
[Date "1997.??.??"]
[Round "6"]
[White "Richmond, Peter A"]
[Black "Cummings, David"]
[Result "0-1"]
[WhiteElo "2185"]
[BlackElo "2375"]
[PlyCount "88"]
[GameId "1166640376279040"]
[EventDate "1997.??.??"]
[EventType "swiss"]
[EventRounds "6"]
[EventCountry "WLS"]
[SourceTitle "EXT 2000"]
[Source "ChessBase"]
[SourceDate "1999.11.18"]
[SourceVersion "1"]
[SourceVersionDate "1999.11.18"]
[SourceQuality "1"]

1. e4 c5 2. Nf3 e6 3. d4 cxd4 4. Nxd4 Nc6 5. Be3 Nf6 6. Nc3 a6 7. Bd3 Qc7 8. O-O Nxd4 9. Bxd4 Bc5 10. Ne2 Ng4 11. g3 Ne5 12. c3 b5 13. f4 Nxd3 14. Qxd3 Bb7 15. Qe3 Rc8 16. Rad1 Bxd4 17. cxd4 O-O 18. f5 exf5 19. Rxf5 Qc2 20. Rd2 Qxe4 21. Qxe4 Bxe4 22. Rc5 d6 23. Rxc8 Rxc8 24. Nc3 f5 25. Kf2 Kf7 26. a3 Kf6 27. Re2 d5 28. Na2 g5 29. Nb4 a5 30. Na6 Rc1 31. Nc5 Rd1 32. Ke3 h5 33. Rf2 Kg6 34. Re2 h4 35. gxh4 gxh4 36. Rf2 Kf6 37. Nb7 Rd3+ 38. Ke2 a4 39. Nd6 Rb3 40. Ke1 b4 41. axb4 Rxb4 42. Ne8+ Kf7 43. Nd6+ Ke6 44. Ne8 Rb7 0-1

[Event "EU-chT (Men) 11th"]
[Site "Pula"]
[Date "1997.05.??"]
[Round "2.1"]
[White "Cummings, David"]
[Black "Norri, Joose"]
[Result "1/2-1/2"]
[WhiteElo "2375"]
[BlackElo "2430"]
[PlyCount "87"]
[GameId "1166640468074496"]
[EventDate "1997.05.05"]
[EventType "team-swiss"]
[EventRounds "9"]
[EventCountry "CRO"]
[SourceTitle "CBM 057 Extra"]
[Source "ChessBase"]
[SourceDate "1997.05.01"]
[SourceVersion "1"]
[SourceVersionDate "1997.05.01"]
[SourceQuality "1"]
[WhiteTeam "Wales"]
[BlackTeam "Finland"]
[WhiteTeamCountry "WLS"]
[BlackTeamCountry "FIN"]

1. d4 f5 2. Nc3 d5 3. Nf3 Nf6 4. g3 e6 5. Bg2 c6 6. O-O Bd6 7. Bf4 Bxf4 8. gxf4 O-O 9. e3 Nbd7 10. Ne2 Ne4 11. Ne5 Nxe5 12. dxe5 b6 13. b4 Ba6 14. f3 Bxe2 15. Qxe2 Nc3 16. Qd3 Na4 17. e4 Qh4 18. b5 fxe4 19. fxe4 Rxf4 20. bxc6 Nc5 21. Qe3 Rxf1+ 22. Rxf1 dxe4 23. Rf4 Qh5 24. Bxe4 Rc8 25. Bf3 Qg6+ 26. Rg4 Qf5 27. h4 Rxc6 28. Rg5 Qh3 29. Rxg7+ Kxg7 30. Qg5+ Kf8 31. Qf6+ Kg8 32. Qd8+ Kg7 33. Qf6+ Kg8 34. Qg5+ Kf8 35. Bxc6 Qf5 36. Qxf5+ exf5 37. Kf2 Ke7 38. Ke3 Ne6 39. c3 Nf8 40. h5 Ne6 41. Bg2 h6 42. Bf3 Ng5 43. Bd5 Ne6 44. Bf3 1/2-1/2

[Event "EU-chT (Men) 11th"]
[Site "Pula"]
[Date "1997.05.??"]
[Round "3.1"]
[White "Vaisser, Anatoli"]
[Black "Cummings, David"]
[Result "1-0"]
[WhiteElo "2580"]
[BlackElo "2375"]
[PlyCount "137"]
[GameId "1166640468279296"]
[EventDate "1997.05.05"]
[EventType "team-swiss"]
[EventRounds "9"]
[EventCountry "CRO"]
[SourceTitle "CBM 057 Extra"]
[Source "ChessBase"]
[SourceDate "1997.05.01"]
[SourceVersion "1"]
[SourceVersionDate "1997.05.01"]
[SourceQuality "1"]
[WhiteTeam "France"]
[BlackTeam "Wales"]
[WhiteTeamCountry "FRA"]
[BlackTeamCountry "WLS"]

1. d4 d5 2. c4 c6 3. Nc3 Nf6 4. cxd5 cxd5 5. Bf4 Nc6 6. e3 Bg4 7. f3 Bd7 8. Bd3 g6 9. Bg5 Bg7 10. Nge2 e5 11. Bxf6 Bxf6 12. Nxd5 exd4 13. Nxf6+ Qxf6 14. e4 Qg5 15. Ng3 Ne5 16. Qd2 Nxd3+ 17. Qxd3 Bb5 18. Qd2 Qxd2+ 19. Kxd2 Ke7 20. Rhc1 Rac8 21. Ne2 Bxe2 22. Kxe2 g5 23. Kd3 Rhd8 24. g3 Ke6 25. Rxc8 Rxc8 26. Rf1 Rc6 27. Rf2 Rc1 28. Kxd4 f5 29. exf5+ Kxf5 30. Re2 Kf6 31. Kd3 Rf1 32. Ke3 h5 33. Rc2 Rb1 34. b3 Ra1 35. h4 gxh4 36. gxh4 a6 37. Rd2 Ke5 38. Rg2 Kf6 39. Rc2 Kg6 40. Kf4 Rh1 41. Ke5 Rxh4 42. f4 Rh1 43. f5+ Kh6 44. Kf6 h4 45. Rc8 Kh7 46. Rc7+ Kh6 47. Rxb7 h3 48. Rb8 Kh7 49. Rb4 Kg8 50. Rg4+ Kf8 51. Ra4 h2 52. Rh4 Ke8 53. Re4+ Kd7 54. Re2 a5 55. a3 Rb1 56. Rxh2 Rxb3 57. a4 Rb4 58. Ra2 Ke8 59. Rh2 Rxa4 60. Rh8+ Kd7 61. Kf7 Rf4 62. f6 a4 63. Kg6 Rf1 64. Ra8 Ke6 65. Ra6+ Ke5 66. f7 Rg1+ 67. Kh7 Rf1 68. Kg7 Rg1+ 69. Rg6 1-0

[Event "EU-chT (Men) 11th"]
[Site "Pula"]
[Date "1997.05.??"]
[Round "6.1"]
[White "Daly, Colm"]
[Black "Cummings, David"]
[Result "1-0"]
[WhiteElo "2310"]
[BlackElo "2375"]
[PlyCount "91"]
[GameId "1166640468819968"]
[EventDate "1997.05.05"]
[EventType "team-swiss"]
[EventRounds "9"]
[EventCountry "CRO"]
[SourceTitle "CBM 057 Extra"]
[Source "ChessBase"]
[SourceDate "1997.05.01"]
[SourceVersion "1"]
[SourceVersionDate "1997.05.01"]
[SourceQuality "1"]
[WhiteTeam "Ireland"]
[BlackTeam "Wales"]
[WhiteTeamCountry "IRL"]
[BlackTeamCountry "WLS"]

1. e4 c5 2. Nf3 e6 3. d4 cxd4 4. Nxd4 Nc6 5. Nb5 d6 6. c4 Nf6 7. N1c3 a6 8. Na3 b6 9. Be2 Bb7 10. O-O Nb8 11. f3 Nbd7 12. Be3 Be7 13. Qd2 O-O 14. Rfd1 Qc7 15. Bf1 Rac8 16. Rac1 Qb8 17. Qf2 Rfe8 18. Kh1 Bd8 19. Rc2 Bc7 20. Rcd2 h6 21. Nc2 Kh8 22. Bf4 Ne5 23. Bg3 Nh5 24. Bxe5 dxe5 25. b4 Red8 26. Na1 Rxd2 27. Rxd2 Bd8 28. Nb3 Qc7 29. c5 Qe7 30. Na4 f5 31. Bd3 Nf4 32. Bc2 b5 33. Nc3 Qf7 34. Qe1 Bc6 35. exf5 Nxg2 36. Kxg2 exf5 37. Qxe5 Bxf3+ 38. Kxf3 Qh5+ 39. Kg2 Bc7 40. Qxf5 Qxh2+ 41. Kf3 Qg3+ 42. Ke2 Qh2+ 43. Qf2 Qh5+ 44. Qf3 Qh2+ 45. Kf1 Qh4 46. Rf2 1-0

[Event "EU-chT (Men) 11th"]
[Site "Pula"]
[Date "1997.05.??"]
[Round "7.1"]
[White "Bogdanovski, Vlatko"]
[Black "Cummings, David"]
[Result "1-0"]
[WhiteElo "2495"]
[BlackElo "2375"]
[PlyCount "109"]
[GameId "1165542745677824"]
[EventDate "1997.05.05"]
[EventType "team-swiss"]
[EventRounds "9"]
[EventCountry "CRO"]
[SourceTitle "CBM 057 Extra"]
[Source "ChessBase"]
[SourceDate "1997.05.01"]
[SourceVersion "1"]
[SourceVersionDate "1997.05.01"]
[SourceQuality "1"]
[WhiteTeam "Macedonia"]
[BlackTeam "Wales"]
[WhiteTeamCountry "MKD"]
[BlackTeamCountry "WLS"]

1. Nf3 Nf6 2. g3 d5 3. Bg2 g6 4. O-O Bg7 5. d3 O-O 6. Nbd2 c5 7. e4 Nc6 8. c3 b6 9. Re1 dxe4 10. dxe4 Bb7 11. Qc2 Nd7 12. e5 Qc7 13. e6 fxe6 14. Ne4 Nde5 15. Nxe5 Qxe5 16. Qe2 h6 17. Bh3 Nd8 18. Bf4 Qd5 19. Rad1 Qc6 20. Bg2 e5 21. Bc1 Kh8 22. Qg4 Nf7 23. Qd7 Rae8 24. b4 cxb4 25. cxb4 a6 26. Be3 b5 27. Bc5 Rd8 28. Qxe7 Rxd1 29. Rxd1 Ba8 30. Rd7 g5 31. Rd1 Qg6 32. Re1 Rd8 33. h4 gxh4 34. Qxh4 Re8 35. Bf3 Ng5 36. Nxg5 Qxg5 37. Qxg5 hxg5 38. Bxa8 Rxa8 39. Rd1 a5 40. a3 axb4 41. axb4 Kh7 42. Rd6 Rb8 43. Kf1 Rb7 44. Ke2 Bf8 45. Rd5 Bxc5 46. Rxc5 Kg6 47. Rxe5 Kf6 48. Rd5 Kg6 49. Kf3 Kh5 50. Kg2 Kg6 51. Kh3 Rf7 52. Kg4 Rxf2 53. Rxg5+ Kf6 54. Rxb5 Rb2 55. Rb6+ 1-0

[Event "BCF-ch 84th"]
[Site "Hove"]
[Date "1997.08.07"]
[Round "4"]
[White "Emms, John M"]
[Black "Cummings, David"]
[Result "1/2-1/2"]
[WhiteElo "2530"]
[BlackElo "2370"]
[PlyCount "119"]
[GameId "1166640541962240"]
[EventDate "1997.08.04"]
[EventType "swiss"]
[EventRounds "11"]
[EventCountry "ENG"]
[SourceTitle "EXT 1999"]
[Source "ChessBase"]
[SourceDate "1998.11.10"]
[SourceVersion "1"]
[SourceVersionDate "1998.11.10"]
[SourceQuality "1"]

1. e4 c5 2. Nf3 e6 3. c3 Nf6 4. e5 Nd5 5. d4 cxd4 6. Bc4 Nb6 7. Bb3 dxc3 8. Nxc3 d5 9. exd6 Bxd6 10. O-O Nc6 11. Qe2 O-O 12. Rd1 Nd5 13. Nxd5 exd5 14. Bxd5 Qe7 15. Qxe7 Bxe7 16. Be3 Nb4 17. Bb3 Bf5 18. Rac1 Nd3 19. Rc7 Bf6 20. Rxb7 a5 21. Ng5 Nxb2 22. Rc1 Bg6 23. Rcc7 a4 24. Bxf7+ Bxf7 25. Nxf7 Rac8 26. Rxc8 Rxc8 27. g3 Nc4 28. Bf4 h6 29. Kg2 Rf8 30. Nd6 Nxd6 31. Bxd6 Rd8 32. Rb8 Rxb8 33. Bxb8 Kf7 34. Kf3 Bd4 35. Bf4 Ke6 36. Be3 Kd5 37. Ke2 Be5 38. Kd3 h5 39. h3 g6 40. g4 hxg4 41. hxg4 Bf6 42. f3 Be5 43. Bd2 Bd6 44. f4 Be7 45. Bc1 Bd6 46. Ke3 Be7 47. Bb2 Bd6 48. Kf3 Bc7 49. f5 gxf5 50. gxf5 Bd8 51. Kf4 Be7 52. Bg7 Bd8 53. Kg4 Ke4 54. Bh6 Bf6 55. Bg5 Bb2 56. Bd2 a3 57. Bb4 Kd3 58. Kg5 Kc2 59. f6 Bxf6+ 60. Kxf6 1/2-1/2

[Event "BCF-ch 84th"]
[Site "Hove"]
[Date "1997.08.08"]
[Round "5"]
[White "Cummings, David"]
[Black "Conquest, Stuart"]
[Result "0-1"]
[WhiteElo "2370"]
[BlackElo "2500"]
[PlyCount "62"]
[GameId "1166640542113792"]
[EventDate "1997.08.04"]
[EventType "swiss"]
[EventRounds "11"]
[EventCountry "ENG"]
[SourceTitle "EXT 1999"]
[Source "ChessBase"]
[SourceDate "1998.11.10"]
[SourceVersion "1"]
[SourceVersionDate "1998.11.10"]
[SourceQuality "1"]

1. d4 f5 2. Nc3 d5 3. Nf3 Nf6 4. g3 c5 5. dxc5 Nc6 6. Bg2 e5 7. Bg5 d4 8. Bxf6 gxf6 9. Nb1 e4 10. Nh4 Bxc5 11. O-O O-O 12. Nd2 Be6 13. Nb3 Bb6 14. c3 dxc3 15. bxc3 Qe8 16. Qd6 Rd8 17. Qf4 Qh5 18. Kh1 Ne7 19. Rae1 Ng6 20. Nxg6 hxg6 21. Nd4 g5 22. g4 Qh7 23. Qg3 f4 24. Qh3 Qxh3 25. Bxh3 Bxa2 26. Nf5 Rd2 27. Bg2 Re8 28. Rd1 Rxe2 29. Rd7 f3 30. Bh3 Be6 31. Ne7+ Kf7 0-1

[Event "BCF-ch 84th"]
[Site "Hove"]
[Date "1997.08.11"]
[Round "7"]
[White "Cummings, David"]
[Black "Hinks Edwards, Thomas RJ"]
[Result "1-0"]
[WhiteElo "2370"]
[BlackElo "2255"]
[PlyCount "81"]
[GameId "1166640542453760"]
[EventDate "1997.08.04"]
[EventType "swiss"]
[EventRounds "11"]
[EventCountry "ENG"]
[SourceTitle "EXT 1999"]
[Source "ChessBase"]
[SourceDate "1998.11.10"]
[SourceVersion "1"]
[SourceVersionDate "1998.11.10"]
[SourceQuality "1"]

1. Nf3 g6 2. d4 Bg7 3. c4 d6 4. Nc3 Bg4 5. e3 Nc6 6. Be2 e5 7. d5 Nce7 8. Nd2 Bc8 9. e4 f5 10. h4 Nf6 11. h5 O-O 12. hxg6 Nxg6 13. exf5 Bxf5 14. g4 Bc8 15. g5 Nd7 16. Nde4 Nc5 17. Be3 Nxe4 18. Nxe4 Nf4 19. Qc2 Bf5 20. Bxf4 exf4 21. Bd3 Bg6 22. O-O-O Kf7 23. Rde1 Re8 24. Qd2 Be5 25. f3 Qd7 26. Nf6 Bxf6 27. Bxg6+ hxg6 28. gxf6 Qf5 29. Rh7+ Kxf6 30. Qd4+ Re5 31. Reh1 Rg8 32. Rxc7 Qg5 33. Rxb7 Qg3 34. Rd7 Qxf3 35. Rxd6+ Kf5 36. Rd1 Re4 37. Qf6+ Kg4 38. Rg1+ Kh3 39. Qg5 Rh8 40. Rxg6 Rh4 41. Qxh4+ 1-0

[Event "BCF-ch 84th"]
[Site "Hove"]
[Date "1997.08.12"]
[Round "8"]
[White "Bates, Richard"]
[Black "Cummings, David"]
[Result "1/2-1/2"]
[WhiteElo "2345"]
[BlackElo "2370"]
[PlyCount "32"]
[GameId "1166640542576640"]
[EventDate "1997.08.04"]
[EventType "swiss"]
[EventRounds "11"]
[EventCountry "ENG"]
[SourceTitle "EXT 1999"]
[Source "ChessBase"]
[SourceDate "1998.11.10"]
[SourceVersion "1"]
[SourceVersionDate "1998.11.10"]
[SourceQuality "1"]

1. d4 Nf6 2. Nf3 d5 3. c4 c6 4. e3 Bf5 5. cxd5 cxd5 6. Qb3 Qc7 7. Bd2 Nc6 8. Bb5 e6 9. Bb4 Bxb4+ 10. Qxb4 Qe7 11. Bxc6+ bxc6 12. Qxe7+ Kxe7 13. Nc3 Nd7 14. Na4 Rhc8 15. Rc1 Kd6 16. Kd2 Bg4 1/2-1/2

[Event "BCF-ch 84th"]
[Site "Hove"]
[Date "1997.08.13"]
[Round "9"]
[White "Cummings, David"]
[Black "Dunnington, Angus J"]
[Result "1/2-1/2"]
[WhiteElo "2370"]
[BlackElo "2420"]
[PlyCount "39"]
[GameId "1166640542756864"]
[EventDate "1997.08.04"]
[EventType "swiss"]
[EventRounds "11"]
[EventCountry "ENG"]
[SourceTitle "EXT 1999"]
[Source "ChessBase"]
[SourceDate "1998.11.10"]
[SourceVersion "1"]
[SourceVersionDate "1998.11.10"]
[SourceQuality "1"]

1. d4 d5 2. c4 c6 3. Nc3 Nf6 4. Nf3 a6 5. a4 e6 6. g3 Nbd7 7. Bg2 Bb4 8. O-O O-O 9. Qc2 a5 10. Rd1 b6 11. cxd5 cxd5 12. Nb5 Ba6 13. Bf4 Rc8 14. Qb3 Ne4 15. Rac1 Qe7 16. Bf1 g5 17. Be3 f5 18. Rxc8 Rxc8 19. Nd2 Nd6 20. Nxd6 1/2-1/2

[Event "BCF-ch 84th"]
[Site "Hove"]
[Date "1997.08.14"]
[Round "10"]
[White "Smith, Andrew Philip"]
[Black "Cummings, David"]
[Result "0-1"]
[WhiteElo "2255"]
[BlackElo "2370"]
[PlyCount "46"]
[GameId "1166640543014912"]
[EventDate "1997.08.04"]
[EventType "swiss"]
[EventRounds "11"]
[EventCountry "ENG"]
[SourceTitle "EXT 1999"]
[Source "ChessBase"]
[SourceDate "1998.11.10"]
[SourceVersion "1"]
[SourceVersionDate "1998.11.10"]
[SourceQuality "1"]

1. e4 c5 2. Nf3 d6 3. d4 cxd4 4. Nxd4 Nc6 5. Be3 Nf6 6. Nd2 d5 7. Bd3 e5 8. Nxc6 bxc6 9. exd5 cxd5 10. c4 Be7 11. O-O O-O 12. Bg5 e4 13. Bc2 Ng4 14. Bxe7 Qxe7 15. h3 e3 16. Qe2 Nxf2 17. cxd5 Bb7 18. Nc4 Rae8 19. Ba4 Bxd5 20. Bxe8 Qg5 21. Nxe3 Nxh3+ 22. Kh2 Rxe8 23. gxh3 Qe5+ 0-1

[Event "BCF-ch 84th"]
[Site "Hove"]
[Date "1997.08.15"]
[Round "11"]
[White "Cummings, David"]
[Black "Ferguson, Mark"]
[Result "0-1"]
[WhiteElo "2370"]
[BlackElo "2420"]
[PlyCount "146"]
[GameId "1166640543076352"]
[EventDate "1997.08.04"]
[EventType "swiss"]
[EventRounds "11"]
[EventCountry "ENG"]
[SourceTitle "EXT 1999"]
[Source "ChessBase"]
[SourceDate "1998.11.10"]
[SourceVersion "1"]
[SourceVersionDate "1998.11.10"]
[SourceQuality "1"]

1. Nf3 Nf6 2. g3 d5 3. Bg2 Bf5 4. c4 c6 5. cxd5 cxd5 6. Qb3 Qb6 7. Qxb6 axb6 8. Nc3 Nc6 9. d3 e5 10. Bg5 Be6 11. Nd2 d4 12. Nb5 Rxa2 13. Rxa2 Bxa2 14. O-O Kd7 15. Ra1 Be6 16. Nc4 Bxc4 17. dxc4 Bd6 18. Bh3+ Ke7 19. Na7 Nxa7 20. Rxa7 Rb8 21. Bg2 h6 22. Bxf6+ Kxf6 23. Bxb7 Be7 24. Bd5 g6 25. b4 e4 26. Bxe4 Bxb4 27. Bd5 Rf8 28. Rc7 Bc5 29. h4 h5 30. Kf1 Kg7 31. Rb7 Kf6 32. Kg2 Kg7 33. f3 Kf6 34. g4 hxg4 35. fxg4 Kg7 36. g5 Kg8 37. Kf3 Kg7 38. Kg4 Kg8 39. h5 gxh5+ 40. Kxh5 Kg7 41. g6 Kf6 42. gxf7 Kf5 43. Kh4 Kf4 44. Kh3 Ke3 45. Rd7 Kxe2 46. Be4 Ke3 47. Bf5 Kf3 48. Bg4+ Ke3 49. Bf5 Kd2 50. Bg4 Rh8+ 51. Kg3 Kc3 52. Be2 Rh6 53. Kf4 Rf6+ 54. Kg4 Kd2 55. Bf3 Ke3 56. Bb7 d3 57. Kg5 Rf1 58. Bc6 d2 59. Ba4 Ke2 60. Kg6 d1=Q 61. Bxd1+ Rxd1 62. Rd5 Rf1 63. Kg7 Rf4 64. Kg6 Ke3 65. Rd8 Rxc4 66. f8=Q Bxf8 67. Rxf8 b5 68. Rb8 b4 69. Kf5 Kd3 70. Ke5 Kc3 71. Kd5 b3 72. Rh8 Rd4+ 73. Kc5 b2 0-1

[Event "WLS-ch"]
[Site "Cardiff"]
[Date "1998.??.??"]
[Round "5"]
[White "Morris, Charles F"]
[Black "Cummings, David"]
[Result "0-1"]
[WhiteElo "2245"]
[BlackElo "2365"]
[PlyCount "52"]
[GameId "1166641021775872"]
[EventDate "1998.??.??"]
[EventType "swiss"]
[EventRounds "6"]
[EventCountry "WLS"]
[SourceTitle "EXT 2000"]
[Source "ChessBase"]
[SourceDate "1999.11.18"]
[SourceVersion "1"]
[SourceVersionDate "1999.11.18"]
[SourceQuality "1"]

1. d4 Nf6 2. c4 e6 3. Nc3 Bb4 4. Qc2 O-O 5. Bg5 d6 6. e3 h6 7. Bh4 b6 8. Bd3 Bxc3+ 9. Qxc3 Bb7 10. Ne2 Nbd7 11. O-O c5 12. Rad1 Rc8 13. Bb1 Qc7 14. d5 exd5 15. Bf5 Rce8 16. Bxd7 Nxd7 17. Nf4 dxc4 18. Nh5 Re5 19. g4 Rxh5 20. gxh5 Ne5 21. e4 Bxe4 22. f3 Bd3 23. Rf2 Qc6 24. Kg2 Re8 25. h3 Nxf3 26. Rxf3 Re3 0-1

[Event "WLS-ch"]
[Site "Cardiff"]
[Date "1998.??.??"]
[Round "6"]
[White "Cummings, David"]
[Black "Zeidler, Sven P"]
[Result "1/2-1/2"]
[WhiteElo "2365"]
[BlackElo "2255"]
[PlyCount "57"]
[GameId "1166641021804544"]
[EventDate "1998.??.??"]
[EventType "swiss"]
[EventRounds "6"]
[EventCountry "WLS"]
[SourceTitle "EXT 2000"]
[Source "ChessBase"]
[SourceDate "1999.11.18"]
[SourceVersion "1"]
[SourceVersionDate "1999.11.18"]
[SourceQuality "1"]

1. d4 f5 2. Nc3 d5 3. Nf3 Nf6 4. g3 e6 5. Bg2 c6 6. O-O Be7 7. b3 O-O 8. Na4 Ne4 9. c4 Nd7 10. Nb2 Qe8 11. Nd3 g5 12. e3 h5 13. Nfe5 Nxe5 14. Nxe5 h4 15. f3 Nf6 16. gxh4 gxh4 17. Kh1 Kh7 18. Rg1 Rg8 19. Bb2 Qh5 20. Bh3 Rxg1+ 21. Qxg1 Bd7 22. Qf2 Rg8 23. Rg1 Rxg1+ 24. Kxg1 Qg5+ 25. Kf1 Be8 26. Bc3 Nd7 27. Nd3 Nf8 28. Bd2 Qf6 29. Nf4 1/2-1/2

[Event "Olympiad-34"]
[Site "Istanbul"]
[Date "2000.10.30"]
[Round "3.4"]
[White "Oral, Tomas"]
[Black "Cummings, David"]
[Result "1-0"]
[WhiteElo "2531"]
[BlackElo "2371"]
[PlyCount "81"]
[GameId "1166643070623744"]
[EventDate "2000.10.28"]
[EventType "team-swiss"]
[EventRounds "14"]
[EventCountry "TUR"]
[SourceTitle "EXT 2001"]
[Source "ChessBase"]
[SourceDate "2000.11.22"]
[SourceVersion "1"]
[SourceVersionDate "2000.11.22"]
[SourceQuality "1"]
[WhiteTeam "Czech Republic"]
[BlackTeam "Canada"]
[WhiteTeamCountry "CZE"]
[BlackTeamCountry "CAN"]

1. e4 c5 2. Nf3 e6 3. b3 Nf6 4. e5 Nd5 5. Bb2 Nc6 6. g3 b6 7. Bg2 Bb7 8. O-O Be7 9. c4 Ndb4 10. d3 d5 11. a3 Na6 12. Nc3 Nc7 13. d4 O-O 14. dxc5 bxc5 15. Qc2 Qc8 16. Rad1 Na5 17. Ne2 Rb8 18. Bc3 Nc6 19. Nf4 d4 20. Bd2 f6 21. exf6 Bxf6 22. Nd3 Na6 23. Bf4 e5 24. Nfxe5 Nxe5 25. Nxe5 Bxg2 26. Kxg2 Bxe5 27. Bxe5 Qb7+ 28. Kg1 Qxb3 29. Qe4 Rbe8 30. Qd5+ Kh8 31. Rde1 Nb8 32. Rb1 Qc2 33. Rb7 Rg8 34. Rfb1 Nc6 35. Bxg7+ Rxg7 36. Qxc6 Rf8 37. R1b2 Qxc4 38. Qd6 Rfg8 39. Rxg7 Qc1+ 40. Kg2 Qxb2 41. Rxa7 1-0

[Event "Olympiad-34"]
[Site "Istanbul"]
[Date "2000.10.31"]
[Round "4.3"]
[White "Cummings, David"]
[Black "Delchev, Aleksander"]
[Result "1/2-1/2"]
[WhiteElo "2371"]
[BlackElo "2557"]
[PlyCount "77"]
[GameId "1166643071541248"]
[EventDate "2000.10.28"]
[EventType "team-swiss"]
[EventRounds "14"]
[EventCountry "TUR"]
[SourceTitle "EXT 2001"]
[Source "ChessBase"]
[SourceDate "2000.11.22"]
[SourceVersion "1"]
[SourceVersionDate "2000.11.22"]
[SourceQuality "1"]
[WhiteTeam "Canada"]
[BlackTeam "Bulgaria"]
[WhiteTeamCountry "CAN"]
[BlackTeamCountry "BUL"]

1. Nf3 c5 2. c4 Nf6 3. g3 d5 4. d4 dxc4 5. Qa4+ Bd7 6. Qxc4 e6 7. Bg2 Bc6 8. O-O Nbd7 9. Bg5 Nb6 10. Qd3 cxd4 11. Qxd4 Qxd4 12. Nxd4 Bxg2 13. Kxg2 Ne4 14. Bf4 Nd5 15. Rc1 Nxf4+ 16. gxf4 Rd8 17. e3 Be7 18. Kf3 Nc5 19. Nd2 O-O 20. Ke2 Rd5 21. Rc2 Bf6 22. N2f3 a5 23. Rac1 b6 24. Rc4 h6 25. b4 axb4 26. Rxb4 Ra8 27. Rxb6 Rxa2+ 28. Rc2 Rxc2+ 29. Nxc2 Ne4 30. Rb4 Nc3+ 31. Kf1 Ra5 32. Rc4 Ra2 33. Ncd4 Ne4 34. Rc2 Ra1+ 35. Kg2 g5 36. fxg5 hxg5 37. h3 Kg7 38. Nb3 Ra3 39. Nc5 1/2-1/2

[Event "Olympiad-34"]
[Site "Istanbul"]
[Date "2000.11.02"]
[Round "6.4"]
[White "Bogdanovski, Vlatko"]
[Black "Cummings, David"]
[Result "1-0"]
[WhiteElo "2435"]
[BlackElo "2371"]
[PlyCount "65"]
[GameId "1166643073437696"]
[EventDate "2000.10.28"]
[EventType "team-swiss"]
[EventRounds "14"]
[EventCountry "TUR"]
[SourceTitle "EXT 2001"]
[Source "ChessBase"]
[SourceDate "2000.11.22"]
[SourceVersion "1"]
[SourceVersionDate "2000.11.22"]
[SourceQuality "1"]
[WhiteTeam "Macedonia"]
[BlackTeam "Canada"]
[WhiteTeamCountry "MKD"]
[BlackTeamCountry "CAN"]

1. d4 Nf6 2. Nf3 e6 3. g3 c5 4. Bg2 cxd4 5. O-O Nc6 6. Nxd4 Qb6 7. Nxc6 dxc6 8. Nd2 e5 9. Nc4 Qc7 10. Qd2 Be6 11. Qc3 Nd7 12. Be3 a5 13. a3 Be7 14. b4 axb4 15. axb4 O-O 16. Rfd1 f5 17. Ra5 Bf6 18. Bh3 Kh8 19. Nd6 Rxa5 20. bxa5 g6 21. Bh6 Ra8 22. e4 Rxa5 23. Ne8 Qb6 24. Be3 c5 25. Nxf6 Nxf6 26. Qxe5 Bc4 27. Bg5 Ra6 28. exf5 Kg8 29. fxg6 hxg6 30. Qe7 Nd5 31. Qe4 Ba2 32. c4 Nc3 33. Qe8+ 1-0

[Event "Gibraltar Masters 9th"]
[Site "Caleta"]
[Date "2011.02.03"]
[Round "10"]
[White "Becking, Franz Josef"]
[Black "Cummings, David"]
[Result "0-1"]
[WhiteElo "2029"]
[BlackElo "2366"]
[PlyCount "80"]
[GameId "1166654008320000"]
[EventDate "2011.01.25"]
[EventType "swiss"]
[EventRounds "10"]
[EventCountry "GGB"]
[SourceTitle "CBM 141"]
[Source "ChessBase"]
[SourceDate "2011.03.17"]
[SourceVersion "1"]
[SourceVersionDate "2011.03.17"]
[SourceQuality "1"]

1. d4 Nf6 2. Bf4 c5 3. c3 e6 4. e3 cxd4 5. exd4 b6 6. Nf3 Be7 7. Nbd2 O-O 8. Bd3 Ba6 9. Bxa6 Nxa6 10. Qe2 Nc7 11. Ne5 Ncd5 12. Bg5 Qc7 13. O-O d6 14. Nd3 b5 15. Rac1 Qb6 16. Rc2 a5 17. Be3 Rfc8 18. Rfc1 Qa6 19. Kf1 Rc7 20. Nf4 Nxe3+ 21. fxe3 e5 22. Nd3 e4 23. Nf2 d5 24. b3 Ba3 25. Rd1 Rac8 26. Nb1 Bd6 27. g3 Qc6 28. Rdc1 h5 29. Kg2 Be7 30. Nh3 g6 31. Nf4 Kg7 32. Nh3 Qd7 33. Nf2 Bd6 34. c4 bxc4 35. bxc4 dxc4 36. Rxc4 Qb5 37. a4 Qxc4 38. Rxc4 Rxc4 39. Nd2 Rc2 40. h3 Bb4 0-1